000 00859nam a2200217Ia 4500
999 _c40227
_d40227
001 6834
003 GE_BSU
005 20200121150639.0
008 181216s1971||||ge |||||||||||||| ||geo||
040 _cGE_BSU
041 _ageo
080 _a821.353.1-32 გ-62
100 _aგოდერძიშვილი, თამაზ.
_96270
245 _aთეთრი კუნძული :
_bმოთხრბები /
_cთამაზ გოდერძიშვილი ; რედ. დ. ივარდავა.
264 _aთბილისი :
_bსაბჭ.საქართველო,
_c1971.
300 _a205 გვ. ;
_c17 სმ.
653 _aთეთრი კუნძული
653 _aმოთხრობები
700 _aივარდავა, დ.
_eრედაქტორი
_93755
942 _cBK
_2udc